Economía

Saved in:
Bibliographic Details
Main Authors: Fischer, Stanley (Author), Dornbusch, Rudiger (Author), Schmalensee, Richard L (Author)
Format: Book
Language:Spanish
Published: Madrid McGraw-Hill 1990
Subjects:
Tags: Add Tag
No Tags, Be the first to tag this record!

MARC

LEADER 00000nam a2200000 a 4500
001 UCV4875
003 CL-VaPUC
008 900709e19900000SP |||||||||||||||||spa|d
082 0 4 |a 330  |b FIS  |2 21 
100 0 |a Fischer, Stanley  |e author  |9 299049 
700 0 |a Dornbusch, Rudiger  |e author  |9 299050 
700 0 |a Schmalensee, Richard L  |e author  |9 299051 
245 1 0 |a Economía 
300 |a 1005 p 
942 |c BK 
945 |d 19900709 00:00:00  |a mfernand 
260 |a Madrid  |b McGraw-Hill  |c 1990 
650 0 |a Economía   |9 255568 
650 0 |a Economía internacional  |9 258254 
650 0 |a Macroeconomía   |9 260301 
650 0 |a Microeconomía  |9 258126 
583 |a last modification  |c 20160426 10:33:44  |k Rodrigo Vera 
999 |c 211519  |d 211517 
952 |0 0  |1 0  |4 0  |6 330_000000000000000_FIS_1990  |7 0  |8 A  |9 191011  |a BIBING  |b BIBING  |d 2019-11-14  |i 2586703  |o 330 FIS 1990  |p 2586703  |r 2025-01-20  |w 2019-11-14  |y BK  |k EII 
952 |0 0  |1 0  |4 0  |6 330_000000000000000_FIS_1990  |7 0  |8 A  |9 191012  |a BIBING  |b BIBING  |d 2019-11-14  |i 258672K  |o 330 FIS 1990  |p 258672K  |r 2025-01-20  |w 2019-11-14  |y BK  |k GEO 
952 |0 0  |1 0  |4 0  |6 330_000000000000000_FIS_1990  |7 0  |8 A  |9 191013  |a BIBING  |b BIBING  |d 2019-11-14  |i 2994275  |o 330 FIS 1990  |p 2994275  |r 2025-01-20  |w 2019-11-14  |y BK  |k ING 
952 |0 0  |1 0  |2 ddc  |4 0  |6 330_000000000000000_FIS_1990  |7 0  |8 A  |9 191016  |a BIBALI  |b BIBALI  |c GEN  |d 2019-11-14  |i 2997592  |o 330 FIS 1990  |p 2997592  |r 2025-01-20  |w 2019-11-14  |y BK  |k ALI 
952 |0 0  |1 0  |4 0  |6 330_000000000000000_FIS_1990  |7 0  |8 P  |9 191017  |a BIBGIM  |b BIBGIM  |d 2019-11-14  |i 2600439  |o 330 FIS 1990  |p 2600439  |r 2025-01-15  |w 2019-11-14  |y BK  |k COM